000 01278nam a22004577a 4500
001 0034309
003 KOHA_MİRAKIL
005 20260207002915.0
007 ta
008 111215b tu |||gr||||#||||1|tur |
040 _aTR-BiSEU
_btur
_cTR-BiSEU
_erda
041 0 _atur
044 _ctu
050 _aPA4279
_b.E35 1942
100 0 _aEflatun.
245 1 _aLakhes/
_cEflatun ; Eflatun ; çev. N. Şazi Kösemihal.
250 _a1942
264 1 _aİstanbul :
_bMEB
300 _a42 s.; 21 cm.
336 _ametin
_btxt
_2rdacontent
337 _aaracısız
_bn
_2rdamedia
338 _acilt
_bnc
_2rdacarrier
490 1 _aT.C.
490 1 _aMilli Eğitim Bakanlığı yayınları ;
_vno.
490 1 _a899.
490 1 _aBilim ve kültür eserleri dizisi ;
_vno.
490 1 _a167.
490 1 _aBatı klâsikleri ;
_vno.
490 1 _a22.
650 0 _aPlato Laches.
_966226
650 0 _aCesaret.
_966227
650 0 _aCourage.
_966228
830 1 _aT.C.
_96297
830 1 _aMilli Eğitim Bakanlığı yayınları ;
_vno.
_97828
830 1 _a899.
_966229
830 1 _aBilim ve kültür eserleri dizisi ;
_vno.
_912823
830 1 _a167.
_914582
830 1 _aBatı klâsikleri ;
_vno.
_966230
830 1 _a22.
_96062
942 _2lcc
_cBK
999 _c34233
_d34233